| 000 | 00521nam a22001457a 4500 | ||
|---|---|---|---|
| 008 | 170505b xxu||||| |||| 00| 0 eng d | ||
| 020 | _a0-8403-6634-5 | ||
| 082 |
_21991 _aDC 320.73 _bL51 |
||
| 100 |
_920676 _aLee, Sue |
||
| 245 |
_aTelecourse study guide to: _bgovernment by consent: a national perspective/ _cSue Lee |
||
| 260 |
_aDubuque, Iowa: _bKendall/Hunt Publishing Company, _cc1991. |
||
| 300 |
_avi, 314 pages: _billustrations; _c23 cm. |
||
| 650 | 0 |
_920677 _aPolitics and government -- United States |
|
| 942 |
_2ddc _cDC |
||
| 999 |
_c6831 _d6831 |
||